| 000 | 00583 a2200253 4500 | ||
|---|---|---|---|
| 260 | _aParis | ||
| 630 | _a32 - Politique. Science politique | ||
| 650 | _a3 - SCIENCES SOCIALES | ||
| 100 | _aRousseau, Jean-Jacques | ||
| 260 | _bFlammarion | ||
| 300 | _a187 p. | ||
| 245 | _aDu Contrat social | ||
| 650 | _aSystèmes politique | ||
| 650 | _aInstitutions sociales | ||
| 650 | _aContrat social | ||
| 650 | _aphilosophie politique | ||
| 260 | _c1992 | ||
| 300 | _b18 cm | ||
| 100 | _lFr | ||
| 037 | _aL 11384 | ||
| 020 | _a2-08-070094-4 | ||
| 999 |
_c34084 _d34084 |
||